| 000 | 00811nam a2200205Ii 4500 | ||
|---|---|---|---|
| 003 | JO-AjNU | ||
| 008 | 230605s9999||||xx |||||||||||||| ||und|| | ||
| 017 | _a1985/1302 | ||
| 040 |
_aJO-AjNU _bara _erda _cJO-AjNU |
||
| 041 | _aara | ||
| 050 | 1 | 4 | _aHD37.A7.M3524.1985 |
| 100 | 3 |
_aمحجوب،بسمان فيصل/عبدالعزيز مصطفى/طاهر التميمي ؛ راجعه خليل محمد حسن الشماع, _eauthor _919896 |
|
| 245 | 0 | 0 | _aادارة المنشآت الصناعية |
| 264 | 3 | 1 | _aالموصل:وزارة التعليم العالي والبحث العلمي جامعة الموصل،1985 |
| 300 | _a413ص | ||
| 336 |
_atext _btxt _2rdacontent |
||
| 337 |
_aunmediated _bn _2rdamedia |
||
| 338 |
_avolume _bnc _2rdacarrier |
||
| 650 | 4 |
_aادارة الانتاج-مصانع _919897 |
|
| 999 |
_aA6647 _c10215 _d10215 |
||